000 00285nam a22001337a 4500
008 170407b xxu||||| |||| 00| 0 eng d
020 _a9780323007917
041 _aeng
080 _a616
100 _a9
101 _aSHM
245 _aPATHOPHYSIOLOHY
_cHUETHER.S.E
942 _2udc
_cBK
999 _c10163
_d10163